[Event "EU-ch Cities&Town (Women) op"]
[Site "Tornelo INT"]
[Date "2023.01.29"]
[Round "?"]
[White "Reizniece Ozola, Dana"]
[Black "Cramling, Pia"]
[Result "1/2-1/2"]
[WhiteElo "2265"]
[BlackElo "2458"]
[PlyCount "100"]
[EventDate "2023.01.29"]
[EventType "team-swiss"]
[EventRounds "9"]
[EventCountry "NET"]
[SourceTitle "CBM 212 Extra"]
[Source "ChessBase"]
[SourceDate "2023.03.31"]
[SourceVersion "1"]
[SourceVersionDate "2023.03.31"]
[SourceQuality "1"]
[WhiteTeam "Kuldiga"]
[BlackTeam "Stockholm"]
[WhiteTeamCountry "LAT"]
[BlackTeamCountry "SWE"]

1. c4 e6 2. g3 d5 3. Bg2 Nf6 4. Nf3 Be7 5. 0-0 0-0 6. b3 c5 7. e3 Nc6 8. d3 b6 9. Nc3 Bb7 10. Bb2 Rc8 11. Qe2 Qc7 12. Rad1 Rfe8 13. Ne1 d4 14. Nb5 Qd7 15. exd4 a6 16. Na3 Nxd4 17. Bxd4 Bxg2 18. Kxg2 Qxd4 19. Nf3 Qd7 20. d4 cxd4 21. Rxd4 Qb7 22. Nc2 e5 23. Rdd1 e4 24. Nfd4 Bc5 25. Ne3 g6 26. Ndc2 Rcd8 27. Rxd8 Rxd8 28. Rd1 Rd3 29. Ne1 Rxd1 30. Qxd1 Bxe3 31. fxe3 h5 32. Qd4 Qc6 33. Nc2 Qe6 34. h3 Qf5 35. Qd8+ Kg7 36. Nd4 Qg5 37. Qe7 Kg8 38. Qd8+ Kg7 39. Qe7 Kg8 40. h4 Qxe3 41. Qxf6 Qd2+ 42. Kf1 e3 43. Qf4 Qd1+ 44. Kg2 e2 45. Nxe2 Qxe2+ 46. Qf2 Qe4+ 47. Qf3 Qc2+ 48. Qf2 Qe4+ 49. Qf3 Qc2+ 50. Qf2 Qe4+ 1/2-1/2

[Event "EU-ch Cities&Town (Women) op"]
[Site "Tornelo INT"]
[Date "2023.01.29"]
[Round "?"]
[White "Reizniece Ozola, Dana"]
[Black "Cvitan, Ena"]
[Result "0-1"]
[WhiteElo "2265"]
[BlackElo "2301"]
[PlyCount "104"]
[EventDate "2023.01.29"]
[EventType "team-swiss"]
[EventRounds "9"]
[EventCountry "NET"]
[SourceTitle "CBM 212 Extra"]
[Source "ChessBase"]
[SourceDate "2023.03.31"]
[SourceVersion "1"]
[SourceVersionDate "2023.03.31"]
[SourceQuality "1"]
[WhiteTeam "Kuldiga"]
[BlackTeam "Rijeka"]
[WhiteTeamCountry "LAT"]
[BlackTeamCountry "CRO"]

1. c4 e6 2. g3 d5 3. Bg2 Nf6 4. Nf3 Nbd7 5. b3 c6 6. 0-0 Bd6 7. Bb2 e5 8. cxd5 cxd5 9. d4 e4 10. Ne5 Qe7 11. f4 h5 12. Nc3 a6 13. Rc1 h4 14. e3 Nf8 15. gxh4 Rxh4 16. Qe1 Rh7 17. Rc2 g6 18. Na4 Be6 19. Nc5 a5 20. Qe2 Bd7 21. Nxb7 Ne6 22. Nxd6+ Qxd6 23. Rfc1 Kf8 24. Nxd7+ Qxd7 25. Ba3+ Kg7 26. h3 Nh5 27. Qf2 Rah8 28. f5 gxf5 29. Qxf5 Rh6 30. Kh2 Rg6 31. Bf1 Ng3 32. Qe5+ f6 33. Qxg3 Rxg3 34. Kxg3 Kh6 35. h4 Rg8+ 36. Kh2 Qf7 37. Bh3 Qh5 38. Rg2 Rxg2+ 39. Kxg2 Qf3+ 40. Kh2 Qf2+ 41. Bg2 Qxe3 42. Rc6 Qf4+ 43. Kg1 Qg4 44. Kf1 Kg7 45. Rc2 Nxd4 46. Rd2 Nf5 47. Bc5 Qf4+ 48. Ke1 Qg3+ 49. Kf1 Nxh4 50. Bg1 Qf4+ 51. Bf2 Nxg2 52. Rxd5 Ne3+ 0-1

[Event "SWE-ch Blitz"]
[Site "Stockholm"]
[Date "2023.01.01"]
[Round "3"]
[White "Pranesh, Munirethinam"]
[Black "Reizniece Ozola, Dana"]
[Result "1-0"]
[WhiteElo "2475"]
[BlackElo "2265"]
[PlyCount "43"]
[EventDate "2023.01.01"]
[EventType "swiss (blitz)"]
[EventRounds "13"]
[EventCountry "SWE"]
[SourceTitle "CBM 211 Extra"]
[Source "ChessBase"]
[SourceDate "2023.01.31"]
[SourceVersion "1"]
[SourceVersionDate "2023.01.31"]
[SourceQuality "1"]

1. e4 g6 2. d4 Bg7 3. Nc3 d6 4. Be3 a6 5. Qd2 b5 6. f3 Nd7 7. h4 h5 8. Nh3 Bb7 9. Ng5 Rc8 10. a4 b4 11. Bc4 e6 12. Ne2 a5 13. Nf4 Nf8 14. d5 Bxb2 15. 0-0 Bxa1 16. dxe6 fxe6 17. Rxa1 Qf6 18. e5 dxe5 19. Nfxe6 Nxe6 20. Nxe6 Ne7 21. Bg5 Rd8 22. Qxd8+ 1-0

[Event "BL2-Ost 2324 (Women)"]
[Site "Germany"]
[Date "2022.10.16"]
[Round "2.1"]
[White "Browning, Rebecca"]
[Black "Reizniece Ozola, Dana"]
[Result "0-1"]
[WhiteElo "1923"]
[BlackElo "2269"]
[PlyCount "72"]
[EventDate "2022.10.15"]
[EventType "team-tourn"]
[EventRounds "7"]
[EventCountry "GER"]
[SourceTitle "EXT 2025"]
[Source "ChessBase"]
[SourceDate "2024.10.14"]
[SourceVersion "1"]
[SourceVersionDate "2024.10.14"]
[SourceQuality "1"]
[WhiteTeam "Dippoldiswalde Seeblick (W)"]
[BlackTeam "Loeberitz (W)"]
[WhiteTeamCountry "GER"]
[BlackTeamCountry "GER"]

1. e4 g6 2. d4 Bg7 3. Nc3 d6 4. Be3 a6 5. Qd2 b5 6. h4 h5 7. Nh3 Bxh3 8. Rxh3 Nf6 9. f3 Nbd7 10. Be2 Qc8 11. Nd1 c5 12. Nf2 cxd4 13. Bxd4 Ne5 14. Bxe5 dxe5 15. Qd3 0-0 16. 0-0-0 Qc5 17. Rf1 Rad8 18. Qc3 Qb6 19. g4 b4 20. Qb3 a5 21. a4 Qd4 22. Qd3 Qb6 23. Qb3 Nd7 24. Kb1 Nc5 25. Qe3 Nxa4 26. Qxb6 Nxb6 27. gxh5 Rd2 28. Re1 Rc8 29. Bd3 Rxf2 30. hxg6 b3 31. gxf7+ Kxf7 32. cxb3 Rd2 33. f4 exf4 34. e5 Ke6 35. Re2 Rd1+ 36. Ka2 Rcc1 0-1

[Event "BL 2122 (Women)"]
[Site "Germany"]
[Date "2022.04.09"]
[Round "7.1"]
[White "Reizniece Ozola, Dana"]
[Black "Klek, Hanna Marie"]
[Result "1/2-1/2"]
[WhiteElo "2269"]
[BlackElo "2362"]
[PlyCount "97"]
[EventDate "2021.11.27"]
[EventType "team-tourn"]
[EventRounds "11"]
[EventCountry "GER"]
[SourceTitle "EXT 2023"]
[Source "ChessBase"]
[SourceDate "2022.10.05"]
[SourceVersion "1"]
[SourceVersionDate "2022.10.05"]
[SourceQuality "1"]
[WhiteTeam "Loeberitz (W)"]
[BlackTeam "Deizisau (W)"]
[WhiteTeamCountry "GER"]
[BlackTeamCountry "GER"]

1. c4 e5 2. g3 c6 3. d4 e4 4. d5 Bb4+ 5. Bd2 Qe7 6. Nc3 Nf6 7. Bg2 0-0 8. Nh3 cxd5 9. cxd5 d6 10. Nxe4 Bxh3 11. Nxf6+ Qxf6 12. Bxh3 Qxb2 13. Bxb4 Qxb4+ 14. Qd2 Qxd2+ 15. Kxd2 Na6 16. e4 Rfe8 17. Rhe1 Nc5 18. Bg2 Re7 19. Re3 Rae8 20. Rae1 f6 21. f4 b5 22. Kc3 b4+ 23. Kd4 b3 24. axb3 Rb8 25. e5 Nxb3+ 26. Kd3 Nc5+ 27. Kc4 Rbe8 28. Bh3 Kf8 29. Kd4 a5 30. exd6 Rxe3 31. Rxe3 Rxe3 32. Kxe3 Nb7 33. d7 Ke7 34. Kd4 Kd6 35. Kc4 Kc7 36. Kb5 g6 37. Be6 h6 38. h4 h5 39. f5 Nd6+ 40. Kxa5 gxf5 41. Kb4 Ne4 42. Bxf5 Nxg3 43. Be6 Ne4 44. Bf7 Kxd7 45. Bxh5 f5 46. Bg6 Nf6 47. Bxf5+ Ke7 48. Kc5 Nxd5 49. Kxd5 1/2-1/2

[Event "BL 2122 (Women)"]
[Site "Germany"]
[Date "2022.03.19"]
[Round "5.1"]
[White "Sieber, Fiona"]
[Black "Reizniece Ozola, Dana"]
[Result "1-0"]
[WhiteElo "2264"]
[BlackElo "2283"]
[PlyCount "123"]
[EventDate "2021.11.27"]
[EventType "team-tourn"]
[EventRounds "11"]
[EventCountry "GER"]
[SourceTitle "EXT 2023"]
[Source "ChessBase"]
[SourceDate "2022.10.05"]
[SourceVersion "1"]
[SourceVersionDate "2022.10.05"]
[SourceQuality "1"]
[WhiteTeam "Lehrte (W)"]
[BlackTeam "Loeberitz (W)"]
[WhiteTeamCountry "GER"]
[BlackTeamCountry "GER"]

1. e4 d6 2. d4 g6 3. Nc3 Bg7 4. Be3 a6 5. h4 Nf6 6. f3 b5 7. Qd2 c6 8. g4 h5 9. g5 Nfd7 10. 0-0-0 Nb6 11. Bd3 e5 12. dxe5 dxe5 13. Bxb5 Qxd2+ 14. Rxd2 axb5 15. Bxb6 Nd7 16. Bf2 b4 17. Nd1 Rxa2 18. Kb1 Ra8 19. Ne3 Ba6 20. Ne2 Nf8 21. Nc1 Ne6 22. Nd3 Nd4 23. Rh3 b3 24. Nc5 bxc2+ 25. Nxc2 Bf1 26. Rh1 Nxf3 27. Rd7 Be2 28. Nb4 Bf8 29. Rc7 Nd2+ 30. Kc2 Bxc5 31. Bxc5 Nxe4 32. Re7+ Kf8 33. Rxe5+ Nxc5 34. Rxc5 Kg7 35. Re1 Bb5 36. Re7 Rac8 37. Rc3 c5 38. Nd5 Bc6 39. Nf6 Bb5 40. Re5 Rhd8 41. Rexc5 Bd3+ 42. Kc1 Rxc5 43. Rxc5 Kf8 44. Kd2 Bf5+ 45. Kc3 Rd3+ 46. Kc4 Rh3 47. Ra5 Ke7 48. Kc5 Rxh4 49. Ra8 Bd7 50. Ra7 Ke6 51. Rxd7 Rf4 52. Rd6+ Ke5 53. Rd5+ Ke6 54. b4 h4 55. b5 h3 56. b6 Rf5 57. b7 h2 58. b8Q Rxd5+ 59. Nxd5 h1Q 60. Qd6+ Kf5 61. Qf4+ Ke6 62. Qf6+ 1-0

[Event "BL2-Ost 2122"]
[Site "Germany"]
[Date "2022.03.05"]
[Round "1.4"]
[White "Leisch, Lukas"]
[Black "Reizniece Ozola, Dana"]
[Result "1-0"]
[WhiteElo "2403"]
[BlackElo "2283"]
[PlyCount "102"]
[EventDate "2022.03.05"]
[EventType "team-tourn"]
[EventRounds "10"]
[EventCountry "GER"]
[SourceTitle "EXT 2023"]
[Source "ChessBase"]
[SourceDate "2022.10.05"]
[SourceVersion "1"]
[SourceVersionDate "2022.10.05"]
[SourceQuality "1"]
[WhiteTeam "Passau"]
[BlackTeam "Loeberitz"]
[WhiteTeamCountry "GER"]
[BlackTeamCountry "GER"]

1. c4 Nf6 2. g3 g6 3. Bg2 Bg7 4. Nc3 0-0 5. d4 d6 6. Nf3 Nc6 7. 0-0 a6 8. b3 Rb8 9. d5 Na5 10. Bg5 c5 11. dxc6 Nxc6 12. Rc1 Bd7 13. h3 h6 14. Be3 b5 15. Nd5 Kh7 16. Nxf6+ Bxf6 17. Qd2 Bg7 18. c5 dxc5 19. Rxc5 Be8 20. Ng5+ hxg5 21. Bxc6 Qxd2 22. Bxd2 Bd4 23. Rc2 Bf6 24. Bb4 Kg7 25. Rfc1 Rb6 26. Bd5 Bd7 27. g4 Rh8 28. Rc7 Be6 29. Bg2 Rd8 30. Ra7 Rd7 31. Rxd7 Bxd7 32. Rc7 Be6 33. Ra7 Rb8 34. Rxa6 Rd8 35. Bc6 Rd4 36. Bc5 Rd1+ 37. Kg2 Rc1 38. b4 Rc2 39. Bxb5 Bxa2 40. Bd3 Bd5+ 41. f3 Rc3 42. Kf2 Kg8 43. Be3 Kf8 44. Ra5 e6 45. Rc5 Rb3 46. Rc8+ Ke7 47. Bb5 Bc3 48. Bxg5+ f6 49. Rc7+ Kd8 50. Rxc3 fxg5 51. Rxb3 Bxb3 1-0

[Event "EU-Cup 36th"]
[Site "Struga"]
[Date "2021.09.22"]
[Round "5.1"]
[White "Bosboom, Manuel"]
[Black "Reizniece Ozola, Dana"]
[Result "1-0"]
[WhiteElo "2395"]
[BlackElo "2283"]
[PlyCount "117"]
[EventDate "2021.09.18"]
[EventType "team-swiss"]
[EventRounds "7"]
[EventCountry "MKD"]
[SourceTitle "CBM 204 Extra"]
[Source "ChessBase"]
[SourceDate "2021.11.30"]
[SourceVersion "1"]
[SourceVersionDate "2021.11.30"]
[SourceQuality "1"]
[WhiteTeam "En Passant"]
[BlackTeam "Wasa"]
[WhiteTeamCountry "NED"]
[BlackTeamCountry "SWE"]

1. c4 Nf6 2. b3 g6 3. Bb2 Bg7 4. Qc2 0-0 5. Nf3 c5 6. e3 Nc6 7. a3 d6 8. Be2 e5 9. d3 Ne8 10. Nc3 f5 11. Nd5 Nf6 12. Nxf6+ Bxf6 13. 0-0 Qe7 14. Nd2 Be6 15. Bf3 Rad8 16. Rfe1 Qf7 17. Rad1 g5 18. g3 e4 19. Bxf6 Qxf6 20. Bg2 exd3 21. Qxd3 Ne5 22. Qe2 Qh6 23. f4 Ng4 24. Nf3 gxf4 25. exf4 Rfe8 26. Nh4 b5 27. cxb5 Bxb3 28. Qb2 Bf7 29. h3 Qf6 30. Qxf6 Rxe1+ 31. Rxe1 Nxf6 32. Nxf5 Kf8 33. a4 d5 34. Rc1 d4 35. Rxc5 d3 36. Bf3 Bb3 37. Rc6 Ne8 38. Ra6 d2 39. Rxa7 d1Q+ 40. Bxd1 Rxd1+ 41. Kf2 Be6 42. Ne3 Rd4 43. b6 Rb4 44. a5 h5 45. f5 Bc8 46. g4 hxg4 47. hxg4 Nd6 48. Kg3 Ne4+ 49. Kf4 Nc5+ 50. Ke5 Bb7 51. Kd6 Rb5 52. Rxb7 Nxb7+ 53. Kc6 Rxa5 54. Kxb7 Re5 55. Nc4 Re4 56. Nd6 Rxg4 57. Kc6 Rb4 58. b7 Ke7 59. Nb5 1-0

[Event "Riga Tech Rapid op"]
[Site "Riga"]
[Date "2021.08.08"]
[Round "2"]
[White "Vingris, Mikelis"]
[Black "Reizniece Ozola, Dana"]
[Result "1-0"]
[WhiteElo "1747"]
[BlackElo "2283"]
[PlyCount "35"]
[EventDate "2021.08.08"]
[EventType "swiss (rapid)"]
[EventRounds "9"]
[EventCountry "LAT"]
[SourceTitle "CBM 203 Extra"]
[Source "ChessBase"]
[SourceDate "2021.09.30"]
[SourceVersion "1"]
[SourceVersionDate "2021.09.30"]
[SourceQuality "1"]

1. e4 g6 2. d4 Bg7 3. Nc3 d6 4. Nf3 a6 5. g3 b5 6. Bg2 Bb7 7. Qe2 Nc6 8. d5 Na5 9. 0-0 Nf6 10. a4 b4 11. Na2 b3 12. Bd2 c5 13. dxc6 Nxc6 14. cxb3 0-0 15. Bc3 Na5 16. b4 Nb3 17. Rad1 Bxe4 18. Bxf6 1-0

[Event "Loeberitz Honorary Award"]
[Site "Loeberitz"]
[Date "2021.06.20"]
[Round "5"]
[White "Meskovs, Nikita"]
[Black "Reizniece Ozola, Dana"]
[Result "1-0"]
[WhiteElo "2568"]
[BlackElo "2279"]
[PlyCount "139"]
[EventDate "2021.06.18"]
[EventType "tourn"]
[EventRounds "5"]
[EventCountry "GER"]
[EventCategory "8"]
[SourceTitle "CBM 203 Extra"]
[Source "ChessBase"]
[SourceDate "2021.09.30"]
[SourceVersion "1"]
[SourceVersionDate "2021.09.30"]
[SourceQuality "1"]

1. d4 Nf6 2. g3 g6 3. Bg2 Bg7 4. Nf3 0-0 5. 0-0 d6 6. Re1 c5 7. d5 e5 8. dxe6 fxe6 9. e4 Nc6 10. e5 Ne8 11. exd6 Qxd6 12. c3 Qc7 13. Ng5 e5 14. Qd5+ Kh8 15. Be3 Nf6 16. Qxc5 Ng4 17. Nd2 Bf5 18. Nc4 Rad8 19. Rad1 h6 20. Ne4 b6 21. Qb5 Bd7 22. Qb3 Be6 23. Qa4 Ne7 24. Ncd6 Nf5 25. Nb5 Qc4 26. Qxc4 Bxc4 27. Rxd8 Rxd8 28. Nxa7 Ngxe3 29. fxe3 Bxa2 30. Nc6 Rc8 31. Nb4 Be6 32. Nf2 Rd8 33. e4 Nd6 34. Rd1 Bb3 35. Rd3 Bc4 36. Rd2 Nb7 37. Rxd8+ Nxd8 38. Ng4 h5 39. Ne3 Be6 40. Nbd5 Bf8 41. b4 b5 42. Bf1 Bd7 43. Nc7 Nf7 44. Bxb5 Bxb5 45. Nxb5 Ng5 46. Nc4 Nxe4 47. Nxe5 Kg7 48. Kg2 Nxc3 49. Nxc3 Bxb4 50. Ne4 Ba3 51. Kf3 Bb2 52. Nd3 Ba3 53. Nf4 Kh6 54. Ne6 Bc1 55. h4 Kh7 56. N4g5+ Kh6 57. Ke4 Bd2 58. Kd5 Be1 59. Ne4 Bb4 60. N6g5 Kg7 61. Ke6 Ba3 62. Kd7 Bb2 63. Ke7 Ba3+ 64. Ke8 Bb2 65. Ne6+ Kg8 66. Ke7 Be5 67. Nf6+ Kh8 68. Kf7 Bxg3 69. Nf8 Bxh4 70. Nxg6# 1-0

[Event "Loeberitz Honorary Award"]
[Site "Loeberitz"]
[Date "2021.06.19"]
[Round "4"]
[White "Reizniece Ozola, Dana"]
[Black "Naumann, Alexander"]
[Result "1/2-1/2"]
[WhiteElo "2279"]
[BlackElo "2533"]
[PlyCount "58"]
[EventDate "2021.06.18"]
[EventType "tourn"]
[EventRounds "5"]
[EventCountry "GER"]
[EventCategory "8"]
[SourceTitle "CBM 203 Extra"]
[Source "ChessBase"]
[SourceDate "2021.09.30"]
[SourceVersion "1"]
[SourceVersionDate "2021.09.30"]
[SourceQuality "1"]

1. c4 Nf6 2. Nc3 e5 3. g3 Bb4 4. Nd5 Nxd5 5. cxd5 0-0 6. Bg2 d6 7. Nf3 c6 8. dxc6 Nxc6 9. 0-0 e4 10. Ne1 d5 11. d3 Qe7 12. Nc2 Bc5 13. dxe4 dxe4 14. Qd5 Bg4 15. Qxe4 Qxe4 16. Bxe4 Bxe2 17. Re1 Ba6 18. Be3 Bxe3 19. Nxe3 Rfe8 20. Bxc6 bxc6 21. Rac1 Re6 22. Red1 Be2 23. Rd7 Bf3 24. Rc4 g5 25. Rc5 h6 26. Rf5 Bh5 27. Ra5 Bf3 28. Rf5 Bh5 29. Ra5 Bf3 1/2-1/2

[Event "Loeberitz Honorary Award"]
[Site "Loeberitz"]
[Date "2021.06.19"]
[Round "2"]
[White "Stein, Robert"]
[Black "Reizniece Ozola, Dana"]
[Result "1-0"]
[WhiteElo "2325"]
[BlackElo "2279"]
[PlyCount "69"]
[EventDate "2021.06.18"]
[EventType "tourn"]
[EventRounds "5"]
[EventCountry "GER"]
[EventCategory "8"]
[SourceTitle "CBM 203 Extra"]
[Source "ChessBase"]
[SourceDate "2021.09.30"]
[SourceVersion "1"]
[SourceVersionDate "2021.09.30"]
[SourceQuality "1"]

1. d4 Nf6 2. Nf3 g6 3. g3 Bg7 4. Bg2 0-0 5. 0-0 d6 6. b3 e5 7. dxe5 Ng4 8. Bb2 Nc6 9. c4 dxe5 10. h3 Nh6 11. Qc1 e4 12. Bxg7 Kxg7 13. Ng5 Nd4 14. Qb2 f5 15. Nxe4 fxe4 16. e3 Nhf5 17. Nd2 Re8 18. Nxe4 Rxe4 19. Bxe4 Qf6 20. exd4 Nxd4 21. Kh1 Bxh3 22. Rfe1 Rf8 23. f4 b6 24. Re3 c5 25. Rae1 h5 26. Qh2 Bf5 27. Bxf5 Nxf5 28. Re6 Qc3 29. Qg2 Nxg3+ 30. Kh2 Nf5 31. Qxg6+ Kh8 32. Qxh5+ Kg8 33. Rg1+ Ng7 34. Rxg7+ Kxg7 35. Rg6+ 1-0

[Event "EU-Cup Online Gr-F"]
[Site "Tornelo INT"]
[Date "2021.03.28"]
[Round "9.3"]
[White "Reizniece Ozola, Dana"]
[Black "Jablonicky, Martin"]
[Result "0-1"]
[WhiteElo "2279"]
[BlackElo "2298"]
[PlyCount "80"]
[EventDate "2021.03.27"]
[EventType "team-tourn (rapid)"]
[EventRounds "9"]
[EventCountry "NET"]
[SourceTitle "CBM 201 Extra"]
[Source "ChessBase"]
[SourceDate "2021.05.31"]
[SourceVersion "1"]
[SourceVersionDate "2021.05.31"]
[SourceQuality "1"]
[WhiteTeam "Wasa"]
[BlackTeam "Zilina Mladost"]
[WhiteTeamCountry "SWE"]
[BlackTeamCountry "SVK"]

1. c4 Nf6 2. g3 g6 3. Bg2 Bg7 4. Nf3 0-0 5. 0-0 Nc6 6. d4 d6 7. Nc3 Bg4 8. h3 Bxf3 9. Bxf3 Nd7 10. e3 e5 11. d5 Ne7 12. Bg2 a5 13. Rb1 f5 14. f4 Nc5 15. Qc2 Qd7 16. Kh2 e4 17. b3 Nd3 18. Rd1 c6 19. Bf1 Nb4 20. Qd2 cxd5 21. a3 d4 22. exd4 Nbc6 23. Nb5 d5 24. Bb2 Kh8 25. c5 g5 26. Qf2 gxf4 27. gxf4 Ng6 28. Nd6 Rf6 29. Be2 Rg8 30. Bh5 Bf8 31. Nb5 Nd8 32. a4 Ne6 33. Bxg6 Rfxg6 34. Rg1 Bh6 35. Rxg6 Bxf4+ 36. Kh1 Rxg6 37. Bc1 Bxc1 38. Rxc1 f4 39. Rg1 Ng5 40. Rg4 Nxh3 0-1